| 000 | 01339cad a22002295a 4500 | ||
|---|---|---|---|
| 001 | E144543 | ||
| 008 | 080221s2008 xxkad f s 000 0 eng d | ||
| 035 | _a(Sirsi) u144543 | ||
| 041 | 0 | _aeng | |
| 050 | 0 | 4 | _a333.6324 $2 18 |
| 110 | 2 |
_aGVA Grimley _93646 |
|
| 245 | 0 | 0 |
_aScotland economic property and market review _bsummer 2008 _h[electronic resource] |
| 260 |
_aLondon _bGVA Grimley _c2008 |
||
| 490 | 0 | _aGVA Grimley Economic and Property Market Review UK | |
| 520 | _aReports that although annual growth in Scotland in 2007 was lower than for the UK as a whole, the figure for Q4 was higher. Suggests that growth in the Scottish economy will fall to around 1.7% in 2008 and 1.6% in 2009, which is broadly in line with the rest of the UK. Predicts that the office market in Scotland will continue to do well in the short to medium term, with average rental growth of 2.9% over 2007-2011, with rental growth of 0.9% predicted for the retail sector and 1.5% for the industrial sector over the same period. | ||
| 590 | _aKA | ||
| 650 | 2 | 4 | _aGVA GRIMLEY ECONOMIC AND PROPERTY MARKET REVIEW SCOTLAND |
| 651 | 4 |
_aScotland _y1999- |
|
| 690 | _aPROPERTY-COMMERCIAL PROPERTY-COMMERCIAL PROPERTY MARKET | ||
| 856 | 4 | 8 |
_uhttps://www.gvagrimley.co.uk/ _zView the report free of charge under research at www. gvagrimley.co.uk... |
| 942 | _n0 | ||
| 999 |
_c108535 _d108535 |
||